[Event "Chessable Masters Play In"]
[Site "Chess.com INT"]
[Date "2024.01.31"]
[Round "4"]
[White "Frolyanov, Dmitry"]
[Black "Cuenca Jimenez, Jose Fernando"]
[Result "0-1"]
[WhiteElo "2495"]
[BlackElo "2514"]
[PlyCount "78"]
[EventDate "2024.01.31"]
[EventType "swiss (rapid)"]
[EventRounds "9"]
[EventCountry "USA"]
[SourceTitle "CB06_2024"]
[SourceDate "2024.02.07"]
[SourceVersion "1"]
[SourceVersionDate "2024.02.07"]
[SourceQuality "1"]

1. d4 d5 2. c4 e6 3. Nf3 Nf6 4. g3 dxc4 5. Bg2 c5 6. 0-0 Nc6 7. dxc5 Qxd1 8. Rxd1 Bxc5 9. Nbd2 c3 10. bxc3 0-0 11. Nb3 Be7 12. Nfd4 Nxd4 13. cxd4 Nd5 14. Bb2 f5 15. Nc5 b6 16. Nd3 Ba6 17. Rac1 Rac8 18. Bf3 Rxc1 19. Rxc1 Bxd3 20. exd3 Bd6 21. a3 Kf7 22. Bd1 Ke7 23. Bb3 Rb8 24. Re1 Kd7 25. a4 Rc8 26. Bc4 Bb4 27. Re2 g6 28. h4 Nc7 29. Kg2 a6 30. d5 exd5 31. Bb3 Bd6 32. h5 Re8 33. Rc2 Be5 34. Ba3 gxh5 35. Rc1 h4 36. gxh4 Rg8+ 37. Kf1 Rg4 38. h5 Bd6 39. Bb2 Rb4 0-1

[Event "Chessable Masters Play In"]
[Site "Chess.com INT"]
[Date "2024.01.31"]
[Round "9"]
[White "Frolyanov, Dmitry"]
[Black "Gabrielian, Artur"]
[Result "1-0"]
[WhiteElo "2495"]
[BlackElo "2442"]
[PlyCount "135"]
[EventDate "2024.01.31"]
[EventType "swiss (rapid)"]
[EventRounds "9"]
[EventCountry "USA"]
[SourceTitle "CB06_2024"]
[SourceDate "2024.02.07"]
[SourceVersion "1"]
[SourceVersionDate "2024.02.07"]
[SourceQuality "1"]

1. d4 Nf6 2. c4 g6 3. Nc3 Bg7 4. Bf4 0-0 5. Nf3 d6 6. e3 b6 7. h3 Bb7 8. Be2 Nbd7 9. 0-0 Re8 10. Bh2 e5 11. b4 exd4 12. exd4 Ne4 13. Nxe4 Bxe4 14. Rc1 a5 15. b5 Qf6 16. Nd2 Qxd4 17. Nxe4 Rxe4 18. Bf3 Nc5 19. Qxd4 Bxd4 20. Rcd1 Rae8 21. Bxe4 Rxe4 22. Rfe1 Bc3 23. Rxe4 Nxe4 24. Bf4 f5 25. Kf1 Kf7 26. Be3 Be5 27. Bd4 Ke6 28. Bxe5 dxe5 29. Rd8 Nd6 30. Rh8 h5 31. Ke2 e4 32. h4 Nxc4 33. Rh7 Kd6 34. Rg7 Ne5 35. f4 exf3+ 36. gxf3 f4 37. a4 c6 38. bxc6 Kxc6 39. Re7 Kd6 40. Re8 Kd5 41. Rf8 Nd7 42. Rxf4 Nc5 43. Ke3 Ke5 44. Rd4 Kf5 45. f4 Ke6 46. Kf3 Ke7 47. Rc4 Ke6 48. Ke3 Kd5 49. Rd4+ Ke6 50. Ke2 Ke7 51. Kd1 Ke6 52. Kc2 Ke7 53. Kb2 Ke6 54. Ka3 Ke7 55. Rd5 Ke6 56. Rd8 Kf5 57. Rf8+ Kg4 58. Rf6 Kxh4 59. Rxg6 Ne4 60. f5 Kh3 61. f6 Nd6 62. Rg7 h4 63. f7 Nxf7 64. Rxf7 Kg4 65. Kb3 h3 66. Kc4 h2 67. Rh7 Kg3 68. Kb5 1-0

[Event "Chessable Masters Play In"]
[Site "Chess.com INT"]
[Date "2024.01.31"]
[Round "3"]
[White "Frolyanov, Dmitry"]
[Black "Holt, Conrad"]
[Result "0-1"]
[WhiteElo "2495"]
[BlackElo "2540"]
[PlyCount "92"]
[EventDate "2024.01.31"]
[EventType "swiss (rapid)"]
[EventRounds "9"]
[EventCountry "USA"]
[SourceTitle "CB06_2024"]
[SourceDate "2024.02.07"]
[SourceVersion "1"]
[SourceVersionDate "2024.02.07"]
[SourceQuality "1"]

1. d4 d5 2. c4 c6 3. Nf3 Nf6 4. e3 Bf5 5. Nc3 e6 6. Nh4 Bg6 7. Nxg6 hxg6 8. Bd2 Nbd7 9. Qc2 Qc7 10. h3 a6 11. 0-0-0 b5 12. cxd5 cxd5 13. Bd3 Nb6 14. Kb1 Rc8 15. Rc1 Qd7 16. Qd1 Nc4 17. e4 dxe4 18. Bxc4 Rxc4 19. Be3 Bb4 20. Ne2 Rxc1+ 21. Nxc1 0-0 22. h4 Rc8 23. g4 Qd5 24. h5 gxh5 25. g5 Ng4 26. Rxh5 g6 27. Rh3 Nxe3 28. fxe3 Qxg5 29. Qh1 Qf6 30. Ne2 Bf8 31. Nc3 Bg7 32. Nxe4 Qf5 33. a3 Qd5 34. Rh4 a5 35. Qf1 g5 36. Qg1 f6 37. Rg4 Qf5 38. Ka1 Rd8 39. Nc5 e5 40. Rg2 exd4 41. exd4 Qd5 42. Re2 b4 43. Qe1 bxa3 44. Ne6 axb2+ 45. Kb1 Rc8 46. Nxg7 Rc1+ 0-1

[Event "Minsk op"]
[Site "Minsk"]
[Date "2023.11.06"]
[Round "4"]
[White "Frolyanov, Dmitry"]
[Black "Popov, Ivan1"]
[Result "1-0"]
[WhiteElo "2485"]
[BlackElo "2628"]
[PlyCount "153"]
[EventDate "2023.11.03"]
[EventType "swiss"]
[EventRounds "9"]
[EventCountry "BLR"]
[SourceTitle "CB46_2023"]
[SourceDate "2023.11.15"]
[SourceVersion "1"]
[SourceVersionDate "2023.11.15"]
[SourceQuality "1"]

1. e4 c6 2. Nc3 d5 3. Nf3 Bg4 4. h3 Bxf3 5. Qxf3 e6 6. Be2 Nf6 7. 0-0 d4 8. Nb1 Bd6 9. d3 Bc7 10. c3 c5 11. Bd1 0-0 12. Qe2 a6 13. Nd2 Nc6 14. f4 dxc3 15. bxc3 b5 16. Nb3 Bb6 17. Kh1 Rc8 18. c4 bxc4 19. dxc4 e5 20. f5 Nd4 21. Qe1 Qd6 22. Rb1 Qc6 23. Bf3 Ne8 24. Ba3 Nc2 25. Qc1 Nxa3 26. Qxa3 Nc7 27. Rfd1 Rfd8 28. Rd2 Rxd2 29. Nxd2 f6 30. Nf1 Rb8 31. Ne3 Ba7 32. Rd1 Kf8 33. Qd3 Ke7 34. Bh5 Bb6 35. Qd2 Na8 36. Nd5+ Kf8 37. Kh2 Bd8 38. Qf2 Nb6 39. Qh4 Nxd5 40. Rxd5 Bc7 41. Bd1 Kg8 42. Bb3 Rd8 43. Qh5 Bb6 44. Qd1 Rxd5 45. cxd5 Qd6 46. Bc4 g6 47. Qg4 Kg7 48. h4 Qd7 49. Qg3 Kh6 50. Qb3 Bc7 51. Qe3+ Kg7 52. fxg6 hxg6 53. Qxc5 f5 54. Bxa6 fxe4 55. Qc2 e3 56. Qe4 Qd6 57. Bd3 Qf6 58. a4 Bb6 59. Kh3 Bd8 60. g3 Bb6 61. Qg4 e4 62. Qxe4 Qd6 63. Qe6 Qxe6+ 64. dxe6 Kf6 65. Bc4 e2 66. Bxe2 Kxe6 67. h5 Kf6 68. hxg6 Kxg6 69. Kg4 Bc7 70. Bb5 Kf6 71. Kh4 Kg6 72. Bd3+ Kh6 73. g4 Bd8+ 74. Kg3 Kg5 75. Kf3 Kf6 76. Ke4 Kg5 77. Be2 1-0

[Event "Titled Tuesday intern op 19th Sep Early"]
[Site "Chess.com INT"]
[Date "2023.09.19"]
[Round "4"]
[White "Gutierrez Olivares, Daniel"]
[Black "Frolyanov, Dmitry"]
[Result "0-1"]
[WhiteElo "2354"]
[BlackElo "2485"]
[PlyCount "48"]
[EventDate "2023.09.19"]
[EventType "swiss (blitz)"]
[EventRounds "11"]
[EventCountry "USA"]
[SourceTitle "EXT 2024"]
[Source "ChessBase"]
[SourceDate "2023.10.10"]
[SourceVersion "1"]
[SourceVersionDate "2023.10.10"]
[SourceQuality "1"]

1. b3 Nf6 2. Bb2 Nc6 3. e3 d5 4. Bb5 Bd7 5. Nf3 e6 6. c4 Bd6 7. cxd5 exd5 8. Nc3 Qe7 9. Ne2 Rg8 10. Rc1 Ne4 11. Ng3 g5 12. Bxc6 bxc6 13. Nd4 Bxg3 14. fxg3 c5 15. Ba3 Qf6 16. Rf1 Qb6 17. Qf3 0-0-0 18. Qxf7 cxd4 19. Qxd5 Kb8 20. Qxe4 Rge8 21. Qxh7 dxe3 22. d3 Qa5+ 23. Ke2 Qd2+ 24. Kf3 e2 0-1

[Event "AI Cup Play In"]
[Site "Chess.com INT"]
[Date "2023.09.18"]
[Round "4"]
[White "Frolyanov, Dmitry"]
[Black "Sharapov, Evgeny"]
[Result "0-1"]
[WhiteElo "2485"]
[BlackElo "2375"]
[PlyCount "106"]
[EventDate "2023.09.18"]
[EventType "swiss (rapid)"]
[EventRounds "9"]
[EventCountry "USA"]
[SourceTitle "EXT 2024"]
[Source "ChessBase"]
[SourceDate "2023.10.10"]
[SourceVersion "1"]
[SourceVersionDate "2023.10.10"]
[SourceQuality "1"]

1. d4 Nf6 2. c4 e6 3. Nf3 Bb4+ 4. Nbd2 b6 5. g3 Bb7 6. Bg2 0-0 7. 0-0 Bxd2 8. Bxd2 d6 9. b4 Be4 10. Qb3 Nbd7 11. Rfd1 Qe7 12. a4 c5 13. dxc5 bxc5 14. b5 d5 15. cxd5 exd5 16. Bf4 d4 17. a5 Nd5 18. Bg5 f6 19. Bd2 Kh8 20. Rac1 Rab8 21. Qc4 Rb7 22. Nh4 Bxg2 23. Nxg2 Qe4 24. Nf4 Nxf4 25. Bxf4 Re8 26. h4 h6 27. Re1 g5 28. hxg5 hxg5 29. Bd2 Kg7 30. Qd3 Qe6 31. Rb1 Ne5 32. Qe4 Qd7 33. b6 Nc4 34. Qd3 Nxd2 35. Qxd2 Qh3 36. bxa7 Rxa7 37. Qd3 Rh8 38. Qf3 Qh2+ 39. Kf1 Qh1+ 40. Qxh1 Rxh1+ 41. Kg2 Rxe1 42. Rxe1 Rxa5 43. Kf3 f5 44. g4 Kf6 45. gxf5 Kxf5 46. e4+ Ke5 47. Kg4 d3 48. Kxg5 c4 49. f4+ Kd4+ 50. e5 d2 51. Rd1 c3 52. Kf6 Kd3 53. e6 c2 0-1

[Event "Titled Tuesday intern op 12th Sep Early"]
[Site "Chess.com INT"]
[Date "2023.09.12"]
[Round "7"]
[White "Frolyanov, Dmitry"]
[Black "Nakamura, Hikaru"]
[Result "0-1"]
[WhiteElo "2485"]
[BlackElo "2780"]
[PlyCount "74"]
[EventDate "2023.09.12"]
[EventType "swiss (blitz)"]
[EventRounds "11"]
[EventCountry "USA"]
[SourceTitle "EXT 2024"]
[Source "ChessBase"]
[SourceDate "2023.10.10"]
[SourceVersion "1"]
[SourceVersionDate "2023.10.10"]
[SourceQuality "1"]

1. d4 a6 2. c4 e6 3. Nc3 c5 4. d5 exd5 5. Nxd5 d6 6. Nf3 Nc6 7. g3 Nf6 8. Bg5 Be7 9. Nxe7 Qxe7 10. Bg2 0-0 11. 0-0 h6 12. Bf4 Rd8 13. Qd2 d5 14. cxd5 Nxd5 15. Rad1 Bg4 16. h3 Bxf3 17. Bxf3 Nd4 18. Kg2 Nxf3 19. exf3 Qf6 20. Qc1 Qc6 21. Be3 b6 22. Rfe1 Rd7 23. a3 Rad8 24. Qc2 c4 25. Bc1 b5 26. Rd4 Rd6 27. Rde4 Nf6 28. Re7 Rd3 29. Qe2 a5 30. Bf4 Nd5 31. Re4 c3 32. Be5 Rd2 33. Qf1 Rxb2 34. Rg4 g6 35. Qd3 Nf4+ 36. Rxf4 Rxd3 37. Bf6 Rdd2 0-1

[Event "Titled Tuesday intern op 12th Sep Early"]
[Site "Chess.com INT"]
[Date "2023.09.12"]
[Round "3"]
[White "Madaminov, Mukhiddin"]
[Black "Frolyanov, Dmitry"]
[Result "1-0"]
[WhiteElo "2484"]
[BlackElo "2485"]
[PlyCount "65"]
[EventDate "2023.09.12"]
[EventType "swiss (blitz)"]
[EventRounds "11"]
[EventCountry "USA"]
[SourceTitle "EXT 2024"]
[Source "ChessBase"]
[SourceDate "2023.10.10"]
[SourceVersion "1"]
[SourceVersionDate "2023.10.10"]
[SourceQuality "1"]

1. d4 d5 2. Nc3 Nf6 3. Bf4 a6 4. e3 Nc6 5. h3 g6 6. Nf3 Bg7 7. Bd3 Nb4 8. 0-0 Nxd3 9. cxd3 0-0 10. Rc1 c6 11. Qb3 Nd7 12. Rc2 Re8 13. Nxd5 e5 14. Bg5 Qa5 15. Ne7+ Kf8 16. Nxc8 Raxc8 17. dxe5 Nxe5 18. Nxe5 Qxe5 19. Bf4 Qb5 20. Qxb5 axb5 21. d4 Rcd8 22. g4 Bf6 23. Kg2 Be7 24. Rd1 Rd5 25. e4 Rd7 26. d5 Red8 27. dxc6 Rxd1 28. cxb7 R1d7 29. b8Q Rxb8 30. Bxb8 Bf6 31. e5 Bg5 32. Bd6+ Kg7 33. Rc7 1-0

[Event "Titled Tuesday intern op 29th Aug Early"]
[Site "Chess.com INT"]
[Date "2023.08.29"]
[Round "1"]
[White "Kaminski, Victor Kazimierz"]
[Black "Frolyanov, Dmitry"]
[Result "1-0"]
[WhiteElo "2247"]
[BlackElo "2485"]
[PlyCount "43"]
[EventDate "2023.08.29"]
[EventType "swiss (blitz)"]
[EventRounds "11"]
[EventCountry "USA"]
[SourceTitle "EXT 2024"]
[Source "ChessBase"]
[SourceDate "2023.10.10"]
[SourceVersion "1"]
[SourceVersionDate "2023.10.10"]
[SourceQuality "1"]

1. e4 e5 2. Nf3 Nf6 3. Nc3 Nc6 4. Bb5 Nd4 5. Bc4 Bc5 6. h3 d6 7. d3 0-0 8. Bg5 c6 9. 0-0 h6 10. Bh4 b5 11. Bb3 g5 12. Bg3 Nxb3 13. axb3 Nh5 14. d4 Nxg3 15. fxg3 exd4 16. Nxd4 Qe7 17. Kh2 b4 18. Nxc6 Qb7 19. Nd5 f5 20. Nce7+ Kh7 21. Qh5 Rg8 22. Nf6+ 1-0

[Event "Titled Tuesday intern op 29th Aug Early"]
[Site "Chess.com INT"]
[Date "2023.08.29"]
[Round "4"]
[White "Kovalenko, Igor"]
[Black "Frolyanov, Dmitry"]
[Result "1-0"]
[WhiteElo "2674"]
[BlackElo "2485"]
[PlyCount "85"]
[EventDate "2023.08.29"]
[EventType "swiss (blitz)"]
[EventRounds "11"]
[EventCountry "USA"]
[SourceTitle "EXT 2024"]
[Source "ChessBase"]
[SourceDate "2023.10.10"]
[SourceVersion "1"]
[SourceVersionDate "2023.10.10"]
[SourceQuality "1"]

1. c4 e6 2. Nf3 d5 3. b3 Nf6 4. Bb2 Be7 5. g3 0-0 6. Bg2 b6 7. 0-0 Bb7 8. e3 Nbd7 9. Qe2 a5 10. Nc3 Nc5 11. cxd5 exd5 12. d3 a4 13. b4 a3 14. bxc5 axb2 15. Qxb2 Bxc5 16. a4 d4 17. exd4 Bxd4 18. Ra3 Bxf3 19. Bxf3 Ra5 20. Qc2 Rc5 21. Qd2 Rf5 22. Bg2 Ng4 23. Ne4 Ne5 24. Qd1 h5 25. Kh1 h4 26. f4 Ng6 27. Ng5 Rxg5 28. fxg5 hxg3 29. Qh5 Qd6 30. Ra2 Nf4 31. Qg4 Nxd3 32. hxg3 Qc5 33. Kh2 Qc4 34. Kh3 Qxa2 35. Qxd4 Nc5 36. Bd5 Qe2 37. Rf3 Ne6 38. Qg4 Qe5 39. Rf5 Qe3 40. g6 Qh6+ 41. Rh5 Qe3 42. gxf7+ Rxf7 43. Qxe6 1-0

[Event "Speed Chess Q2 Sw"]
[Site "Chess.com INT"]
[Date "2023.08.23"]
[Round "13"]
[White "Frolyanov, Dmitry"]
[Black "Bazilius, Augustinas"]
[Result "1-0"]
[WhiteElo "2485"]
[BlackElo "2052"]
[PlyCount "103"]
[EventDate "2023.08.23"]
[EventType "swiss (blitz)"]
[EventRounds "14"]
[EventCountry "USA"]
[SourceTitle "CBM 215 Extra"]
[Source "ChessBase"]
[SourceDate "2023.09.30"]
[SourceVersion "1"]
[SourceVersionDate "2023.09.30"]
[SourceQuality "1"]

1. e4 c5 2. Nf3 a6 3. c3 d5 4. exd5 Qxd5 5. d4 Nf6 6. Be2 cxd4 7. cxd4 e6 8. Nc3 Qd8 9. 0-0 Be7 10. Bf4 Nc6 11. Rc1 0-0 12. Qd2 Nb4 13. Rfd1 Nbd5 14. Bg3 b5 15. Ne5 Bb7 16. Nxd5 Nxd5 17. Nc6 Bxc6 18. Rxc6 Qd7 19. Rdc1 Rfc8 20. Qc2 Rxc6 21. Qxc6 Qxc6 22. Rxc6 Bf6 23. a4 bxa4 24. Rc4 Kf8 25. Rxa4 Ke7 26. h3 Kd7 27. Bxa6 Ke7 28. b3 Bxd4 29. Bc4 Rxa4 30. bxa4 Nb6 31. Bb5 Bc3 32. Kf1 e5 33. Ke2 Ke6 34. Kd3 Ba5 35. f4 f6 36. fxe5 fxe5 37. Ke4 Bc3 38. Bf2 Nc8 39. Kd3 Ba5 40. Bc4+ Kf6 41. Bg8 h6 42. Kc4 Nd6+ 43. Kd5 Nc8 44. Kc6 Ne7+ 45. Kb5 Nxg8 46. Kxa5 Ne7 47. Kb6 Ke6 48. a5 Kd6 49. a6 Nd5+ 50. Kb7 Nc7 51. a7 Na6 52. Kxa6 1-0

[Event "Speed Chess Q2 Sw"]
[Site "Chess.com INT"]
[Date "2023.08.23"]
[Round "12"]
[White "Prohorov, Olexandr"]
[Black "Frolyanov, Dmitry"]
[Result "0-1"]
[WhiteElo "2086"]
[BlackElo "2485"]
[PlyCount "84"]
[EventDate "2023.08.23"]
[EventType "swiss (blitz)"]
[EventRounds "14"]
[EventCountry "USA"]
[SourceTitle "CBM 215 Extra"]
[Source "ChessBase"]
[SourceDate "2023.09.30"]
[SourceVersion "1"]
[SourceVersionDate "2023.09.30"]
[SourceQuality "1"]

1. Nf3 d5 2. d4 Nf6 3. c4 e6 4. Nc3 dxc4 5. a4 Nc6 6. e4 Bb4 7. Bg5 h6 8. Bxf6 Qxf6 9. e5 Qe7 10. Bxc4 0-0 11. 0-0 Rd8 12. Ne2 Na5 13. Bd3 c5 14. dxc5 Bxc5 15. Qc2 Nc6 16. Be4 Bd7 17. Rac1 Bb6 18. Nc3 Rac8 19. Qe2 Be8 20. Nb5 Bc7 21. Nxc7 Rxc7 22. Rfd1 Rxd1+ 23. Qxd1 Rd7 24. Qe2 Rd8 25. h3 Qb4 26. Qc2 Qb6 27. g3 Na5 28. Kg2 Bc6 29. Re1 Qb4 30. Bxc6 Nxc6 31. Re4 Qa5 32. b3 Qd5 33. Qe2 a5 34. Qe3 Qd1 35. Ne1 Nb4 36. Qb6 Qd5 37. Qe3 Rc8 38. Kh2 Nc6 39. Rg4 Qxe5 40. Qxh6 Ne7 41. Nf3 Qb2 42. Qh5 Qxf2+ 0-1

[Event "Speed Chess Q2 Sw"]
[Site "Chess.com INT"]
[Date "2023.08.23"]
[Round "5"]
[White "Senft, Sean"]
[Black "Frolyanov, Dmitry"]
[Result "0-1"]
[WhiteElo "2146"]
[BlackElo "2485"]
[PlyCount "82"]
[EventDate "2023.08.23"]
[EventType "swiss (blitz)"]
[EventRounds "14"]
[EventCountry "USA"]
[SourceTitle "CBM 215 Extra"]
[Source "ChessBase"]
[SourceDate "2023.09.30"]
[SourceVersion "1"]
[SourceVersionDate "2023.09.30"]
[SourceQuality "1"]

1. d4 d5 2. c4 e6 3. cxd5 exd5 4. Nc3 c6 5. Nf3 Bd6 6. Bg5 Ne7 7. e3 h6 8. Bh4 Qb6 9. Qb3 Nf5 10. Bd3 Nxh4 11. Nxh4 Qxb3 12. axb3 0-0 13. 0-0 Re8 14. Nf5 Bf8 15. Rfe1 g6 16. Ng3 Be6 17. h3 Nd7 18. Nge2 Nb6 19. Nf4 Bd7 20. Na4 Nxa4 21. bxa4 a5 22. b3 Bd6 23. Ne2 Kg7 24. Rac1 h5 25. Rc2 h4 26. Rec1 Re7 27. Kf1 Rae8 28. Ng1 g5 29. Nf3 f6 30. Ra2 Bb4 31. Ne1 b6 32. Be2 Bd6 33. Rac2 f5 34. Nd3 Kf6 35. Ne1 g4 36. Nd3 g3 37. fxg3 Bxg3 38. Nf4 Rxe3 39. Bf3 Bxf4 40. Bh5 R8e6 41. Rd1 Bg3 0-1

[Event "Titled Tuesday intern op 22nd Aug Early"]
[Site "Chess.com INT"]
[Date "2023.08.22"]
[Round "10"]
[White "Bacrot, Etienne"]
[Black "Frolyanov, Dmitry"]
[Result "1/2-1/2"]
[WhiteElo "2662"]
[BlackElo "2485"]
[PlyCount "167"]
[EventDate "2023.08.22"]
[EventType "swiss (blitz)"]
[EventRounds "11"]
[EventCountry "USA"]
[SourceTitle "EXT 2024"]
[Source "ChessBase"]
[SourceDate "2023.10.10"]
[SourceVersion "1"]
[SourceVersionDate "2023.10.10"]
[SourceQuality "1"]

1. e4 e5 2. Nf3 Nf6 3. Nc3 Nc6 4. Bb5 Nd4 5. Bc4 Bc5 6. d3 d6 7. h3 h6 8. Be3 Nxf3+ 9. Qxf3 Bxe3 10. fxe3 Be6 11. Bxe6 fxe6 12. 0-0-0 Qe7 13. d4 0-0-0 14. Rhf1 a6 15. a3 Rhf8 16. Qg3 exd4 17. exd4 e5 18. dxe5 dxe5 19. Rxd8+ Rxd8 20. Rf5 Qc5 21. Qf2 Qd6 22. Qa7 Qd4 23. Qxd4 exd4 24. Ne2 Nxe4 25. Rf7 g5 26. Re7 Nc5 27. b4 d3 28. Nc3 d2+ 29. Kd1 Nd7 30. Kxd2 Ne5+ 31. Kc1 Nc4 32. a4 Rf8 33. Kd1 Rf2 34. g4 Rd2+ 35. Kc1 Rh2 36. Kd1 Rxh3 37. Nd5 Kd8 38. Rh7 Ne3+ 39. Nxe3 Rxe3 40. Rxh6 Re4 41. c3 Rxg4 42. Rh7 Rg2 43. Rg7 g4 44. Ke1 Rg3 45. Kd2 b5 46. a5 Kc8 47. Rg6 Kb7 48. Kc2 Rg1 49. Kd2 g3 50. Kc2 g2 51. Kb2 Kc8 52. Rg7 Kd8 53. Ka2 Ke8 54. Kb2 Kf8 55. Rg3 Ke7 56. Ka2 Kd7 57. Rg6 Ke7 58. Kb2 Kf7 59. Rg3 Ke6 60. Rg7 Ke5 61. Rg8 Kd6 62. Rd8+ Ke6 63. Rg8 Ke5 64. Re8+ Kd5 65. Rd8+ Ke6 66. Rg8 Ke5 67. Re8+ Kf4 68. Rf8+ Ke3 69. Re8+ Kd2 70. Rd8+ Ke3 71. Re8+ Kf4 72. Rf8+ Kg5 73. Rg8+ Kf6 74. Ka2 Kf7 75. Rg3 Ke6 76. Rg8 c5 77. bxc5 Kd5 78. Rg5+ Kc6 79. Kb2 Kc7 80. Rg6 Kd7 81. Ka2 Kc7 82. Kb2 Kd7 83. Ka2 Kc7 84. Kb2 1/2-1/2

[Event "Titled Tuesday intern op 22nd Aug Early"]
[Site "Chess.com INT"]
[Date "2023.08.22"]
[Round "11"]
[White "Frolyanov, Dmitry"]
[Black "Cherniaiev, Tykhon"]
[Result "1/2-1/2"]
[WhiteElo "2485"]
[BlackElo "2278"]
[PlyCount "53"]
[EventDate "2023.08.22"]
[EventType "swiss (blitz)"]
[EventRounds "11"]
[EventCountry "USA"]
[SourceTitle "EXT 2024"]
[Source "ChessBase"]
[SourceDate "2023.10.10"]
[SourceVersion "1"]
[SourceVersionDate "2023.10.10"]
[SourceQuality "1"]

1. d4 Nf6 2. c4 e6 3. Nf3 d5 4. g3 Be7 5. Bg2 0-0 6. 0-0 dxc4 7. Qc2 a6 8. a4 Bd7 9. Qxc4 Bc6 10. Nc3 a5 11. Bg5 Ne4 12. Bxe7 Qxe7 13. Rfd1 Nxc3 14. Qxc3 Na6 15. Qxa5 Nb4 16. Qc5 Qxc5 17. dxc5 Nc2 18. Ra2 Rfd8 19. Rc1 Rxa4 20. Rxa4 Bxa4 21. Ne5 Nd4 22. Bf1 Nb3 23. Rc4 Be8 24. Rc3 Ba4 25. Rc4 Be8 26. Rc3 Ba4 27. Rc4 1/2-1/2

[Event "Titled Tuesday intern op 22nd Aug Early"]
[Site "Chess.com INT"]
[Date "2023.08.22"]
[Round "5"]
[White "Frolyanov, Dmitry"]
[Black "Jones, Gawain C B"]
[Result "0-1"]
[WhiteElo "2485"]
[BlackElo "2618"]
[PlyCount "64"]
[EventDate "2023.08.22"]
[EventType "swiss (blitz)"]
[EventRounds "11"]
[EventCountry "USA"]
[SourceTitle "EXT 2024"]
[Source "ChessBase"]
[SourceDate "2023.10.10"]
[SourceVersion "1"]
[SourceVersionDate "2023.10.10"]
[SourceQuality "1"]

1. d4 d5 2. c4 e6 3. Nf3 a6 4. g3 dxc4 5. Bg2 Nc6 6. 0-0 Rb8 7. e4 Nf6 8. Nc3 Be7 9. d5 exd5 10. exd5 Nb4 11. Ne5 0-0 12. Nxc4 b5 13. Ne3 a5 14. Re1 Na6 15. a4 b4 16. Nb5 Nc5 17. Nc4 Bg4 18. Qc2 b3 19. Qc3 Nxa4 20. Rxa4 Rxb5 21. Nxa5 Nxd5 22. Bxd5 Bf6 23. Bxf7+ Rxf7 24. Qc4 Re5 25. Be3 Be6 26. Qc1 Qd7 27. Nc6 Rf8 28. Nxe5 Qxa4 29. Nc6 Bd5 30. Bc5 Qxc6 31. Bxf8 Qxc1 32. Rxc1 Kxf8 0-1

[Event "Titled Tuesday intern op 22nd Aug Early"]
[Site "Chess.com INT"]
[Date "2023.08.22"]
[Round "4"]
[White "Zhenetl, Roman"]
[Black "Frolyanov, Dmitry"]
[Result "1/2-1/2"]
[WhiteElo "2435"]
[BlackElo "2485"]
[PlyCount "121"]
[EventDate "2023.08.22"]
[EventType "swiss (blitz)"]
[EventRounds "11"]
[EventCountry "USA"]
[SourceTitle "EXT 2024"]
[Source "ChessBase"]
[SourceDate "2023.10.10"]
[SourceVersion "1"]
[SourceVersionDate "2023.10.10"]
[SourceQuality "1"]

1. Nf3 d5 2. g3 Nd7 3. d4 Nb6 4. a4 a5 5. Bg2 Bf5 6. Nc3 e6 7. 0-0 h6 8. Nd2 Nf6 9. e4 dxe4 10. Ndxe4 Nxe4 11. Nxe4 c6 12. c3 Be7 13. Nc5 Bxc5 14. dxc5 Qxd1 15. Rxd1 Nd7 16. b4 Bc2 17. Rd2 Bb3 18. Rb2 Bd5 19. Be3 Ke7 20. Bxd5 exd5 21. Bf4 axb4 22. Bd6+ Kd8 23. Rxb4 Ra7 24. Re1 Re8 25. Bc7+ Kxc7 26. Rxe8 Nxc5 27. Re7+ Kd6 28. Rxf7 Rxa4 29. Rxa4 Nxa4 30. Rxb7 g5 31. c4 d4 32. Kf1 Kc5 33. Ke2 Kxc4 34. f4 gxf4 35. gxf4 Nc3+ 36. Kf3 d3 37. f5 Nd5 38. Ra7 Kc3 39. Ra3+ Kc2 40. Ra2+ Kb3 41. Ra6 Nb4 42. Ra1 Nd5 43. Ke4 d2 44. Kd4 Kc2 45. Kc5 d1Q 46. Rxd1 Kxd1 47. Kxc6 Nf6 48. Kd6 Ke2 49. Ke6 Ne4 50. h4 Kf3 51. f6 Nxf6 52. Kxf6 Kg4 53. Ke5 h5 54. Ke4 Kxh4 55. Kf3 Kh3 56. Kf2 Kh2 57. Kf1 h4 58. Kf2 h3 59. Kf1 Kh1 60. Kf2 h2 61. Kf1 1/2-1/2

[Event "Speed Chess Q1 Sw"]
[Site "Chess.com INT"]
[Date "2023.08.21"]
[Round "2"]
[White "Frolyanov, Dmitry"]
[Black "Mulawa, Cyprian"]
[Result "1-0"]
[WhiteElo "2485"]
[BlackElo "2186"]
[PlyCount "81"]
[EventDate "2023.08.21"]
[EventType "k.o. (blitz)"]
[EventRounds "14"]
[EventCountry "USA"]
[SourceTitle "CBM 215 Extra"]
[Source "ChessBase"]
[SourceDate "2023.09.30"]
[SourceVersion "1"]
[SourceVersionDate "2023.09.30"]
[SourceQuality "1"]

1. d4 d5 2. c4 c6 3. Nf3 Nf6 4. e3 Bf5 5. Nc3 e6 6. Nh4 Be4 7. f3 Bg6 8. Nxg6 hxg6 9. Bd2 Bd6 10. Qb3 Qc7 11. 0-0-0 Rxh2 12. Rxh2 Bxh2 13. Kb1 Nbd7 14. Rc1 Qb6 15. Qc2 dxc4 16. Bxc4 Bd6 17. Bb3 0-0-0 18. e4 Qxd4 19. Nb5 Qe5 20. Nxa7+ Kb8 21. Nxc6+ bxc6 22. Qxc6 Bc7 23. Be3 Qa5 24. Bd4 Ne5 25. Bxe5 Qxe5 26. Rc4 Rd4 27. Rxd4 Qxd4 28. a3 Qb6 29. Qc4 Be5 30. Ka2 Kb7 31. Qd3 Nd7 32. Qxd7+ Qc7 33. Qxc7+ Kxc7 34. Bc4 Kb6 35. b4 Bd4 36. Kb3 g5 37. a4 f5 38. a5+ Ka7 39. g4 fxg4 40. fxg4 e5 41. Ka4 1-0

[Event "Speed Chess Q1 Sw"]
[Site "Chess.com INT"]
[Date "2023.08.21"]
[Round "5"]
[White "Frolyanov, Dmitry"]
[Black "Pershina, Elena"]
[Result "0-1"]
[WhiteElo "2485"]
[BlackElo "2114"]
[PlyCount "76"]
[EventDate "2023.08.21"]
[EventType "k.o. (blitz)"]
[EventRounds "14"]
[EventCountry "USA"]
[SourceTitle "CBM 215 Extra"]
[Source "ChessBase"]
[SourceDate "2023.09.30"]
[SourceVersion "1"]
[SourceVersionDate "2023.09.30"]
[SourceQuality "1"]

1. d4 d5 2. c4 c6 3. Nf3 Nf6 4. e3 Bf5 5. Nc3 e6 6. Nh4 Be4 7. f3 Bg6 8. Nxg6 hxg6 9. Bd2 Qc7 10. Qb3 Nbd7 11. 0-0-0 dxc4 12. Bxc4 b5 13. Bd3 a5 14. Kb1 Be7 15. Rc1 Qb6 16. Ne4 Nd5 17. a3 a4 18. Qc2 b4 19. Qxc6 Qxc6 20. Rxc6 bxa3 21. bxa3 Bxa3 22. Ka2 Nb4+ 23. Bxb4 Bxb4 24. Rc7 Nf6 25. Rb1 Nd5 26. Rb7 f5 27. Ng5 Rxh2 28. Bb5+ Kf8 29. Nxe6+ Kg8 30. Nf4 Nc3+ 31. Ka1 Nxb1 32. Kxb1 a3 33. Bc4+ Kh7 34. Ka2 Rh1 35. Rxb4 Rc1 36. Bd3 Rd1 37. Rb1 Rd2+ 38. Ka1 a2 0-1